000 00648nam a2200253 a 4500
001 14309
003 BD-JhCC
005 20250302141153.0
008 250302b19832018e a|||| ||a| 001 0 eng d
020 _a9780241339381
035 _a(BD-JhCC)14309
040 _aBD-JhCC
_dBD-JhCC
041 _aenglish
082 _a808.83
_bKIS 2018
100 _a Kiš,Danilo
245 _aThe Legend of the Sleepers /
_cDanilo Kiš.
260 _aNew York:
_bPenguin Books;
_c2018.
300 _a64 p. :
_c16 cm.
490 _aPenguin Modern: 11
500 _aPenguin Modern: 11
650 _aEnglish Short stories
942 _2ddc
_cBK
999 _c14309
_d14309